000 00296 a2200157 4500
001 168733
020 _a
040 _cMagnum
100 _aGoulart, Mario
240 1 0 _aTio heroi
_lpor
245 1 0 _aTio heroi
362 0 _a1899
440 1 _aDimensão
697 _aJ/FICCAO
942 _cBK
999 _c168733
_d168733